<The> Market, Energy and the Environment

Salvato in:
Dettagli Bibliografici
Autore principale: Hines, Lawrence Gregory
Natura: Libro
Lingua:inglese
Pubblicazione: Boston Allyn and Bacon 1988
Edizione:1. ed.
Tags: Aggiungi Tag
Nessun Tag, puoi essere il primo ad aggiungerne!!

MARC

LEADER 00000nam a2200000 4500
001 c026672
005 20221219120213.1
041 0 |a eng 
044 |a US 
245 1 0 |a <The> Market, Energy and the Environment  |c Lawrence Gregory Hines 
250 |a 1. ed. 
264 1 |a Boston  |b Allyn and Bacon  |c 1988 
300 |a 305 s. 
100 1 |a Hines, Lawrence Gregory